00725nam a2200241 a 4500001001300000003000900013005001700022008004100039020001000080082001600090100003200106245005200138260003500190300000900225500003500234505001000269650002600279700003200305902000800337942000700345952011600352999001500468nice12345678IN_TiNIC20260116011754.0050524s1911 teha grp 000 0 per  ac10000a922.97bARF aArfani Khawja, Abdul Hameed aRumi-E-Asarb Sharah Ahwal-O-Asar, Allama Iqbal aTehranbKanoon-I-Marifatc1911 a296p aincludes index and biblioraphy2 aIndex aIqbal Muhammad-Poetry1 aArfani Khawja, Abdul Hameed bSRS cBK 001040708StackRoom-aHMIbHMId2007-06-05g100.00l0o922.97 ARFp05961r2007-06-05v100.00w2005-05-24yBK c3853d3853